000 00962nam a2200229Ia 4500
003 GCL
008 140319s9999 xx 000 0 ara d
040 _aGCL /
_cGCL
082 0 4 _a953
_bك ب
100 1 _aابن كثير القرشى : عماد الدين ابوالفداء اسماعيل بن عمر بن كثير بن ضوء البصرى الدمشقى
245 1 0 _aالبداية والنهاية /
_cابن كثير القرشى : عماد الدين ابوالفداء اسماعيل بن عمر بن كثير بن ضوء البصرى الدمشقى
700 1 _aعلى نجيب عطوى
250 _aالاولى
260 _aالقاهرة :
_bدار الريان للتراث ،
_c1988
300 _a11 مج فى 6 جزء ؛
_c28 سم
490 _a
650 0 4 _aالاسلام
650 0 4 _aالتاريخ الاسلامى
650 0 4 _aالحضارة الاسلامية
650 0 4 _aالاسلام - تراجم
942 _2ddc
_cBK
999 _c34908
_d34908